| 000 | 01427nam1a22002891i 4500 | ||
|---|---|---|---|
| 001 | rc\2363545 | ||
| 005 | 20240725235918.0 | ||
| 035 | _a(NLR Aleph) 006685678 | ||
| 090 |
_a5112900 _c5112900 |
||
| 100 | _a20110829d1977 |||y0rusy50 ca | ||
| 101 | 0 | _arus | |
| 102 | _aRU | ||
| 105 | _ay z ||||| | ||
| 200 | 1 |
_aОптимизационные методы в финансовом планировании строительства _e[В 8-ми разд. _fПодгот. кандидаты экон. наук М.Б. Поднос и Н.Л. Некраш, Ф.Р. Родкин и др.] _gНауч.-исслед. ин-т организации и управления в стр-ве при МИСИ им. В.В. Куйбышева |
|
| 210 |
_aМосква _cНИИОУС _d1977 |
||
| 215 | _d20 | ||
| 606 |
_aСтроительные организации _xАмортизационные фонды _xПланирование _xМатематические методы (разд. 4) _2rkp |
||
| 606 |
_aСтроительные организации _xФинансовое планирование _2rkp |
||
| 702 | 1 |
_aНекраш _bН.Л. _4570 |
|
| 702 | 1 |
_aПоднос _bМ.Б. _gМарк Борисович _4570 |
|
| 702 | 1 |
_aРодкин _bФ.Р. _4570 |
|
| 801 | 0 |
_aRU _bNLR _gpsbo |
|
| 801 | 1 |
_aRU _bELAR _2rusmarc |
|
| 852 |
_aNLR _j77-4/25776 |
||
| 899 |
_aRuMoRGB _jБ 77-38/87 |
||
| 899 |
_aRuMoRGB _jБ 77-38/85 |
||
| 942 | _cBOOK | ||